The investigation of zinc oxide nanoparticles (ZnO NPs) on aerobic granulation [abstract] /

Elmentve itt :
Bibliográfiai részletek
Szerzők: Yuksel Gizem
Kedves Alfonz
Kónya Zoltán
Mikó Edit
Testületi szerző: 22th Wellmann International Scientific Conference
Dokumentumtípus: Könyv része
Megjelent: Szegedi Tudományegyetem Mezőgazdasági Kar Hódmezővásárhely 2025
Sorozat:Wellmann International Scientific Conference 22
Kulcsszavak:Szennyvíztisztítás - előadáskivonat, Nanotechnológia - előadáskivonat
Tárgyszavak:
Online Access:http://acta.bibl.u-szeged.hu/89818
LEADER 01089naa a2200253 i 4500
001 acta89818
005 20260304144729.0
008 260304s2025 hu o 100 eng d
020 |a 978-963-688-044-6 
040 |a SZTE Egyetemi Kiadványok Repozitórium  |b hun 
041 |a eng 
100 1 |a Yuksel Gizem 
245 1 4 |a The investigation of zinc oxide nanoparticles (ZnO NPs) on aerobic granulation   |h [elektronikus dokumentum] :  |b [abstract] /  |c  Yuksel Gizem 
260 |a Szegedi Tudományegyetem Mezőgazdasági Kar  |b Hódmezővásárhely  |c 2025 
300 |a 101 
490 0 |a Wellmann International Scientific Conference  |v 22 
650 4 |a Természettudományok 
650 4 |a Biológiai tudományok 
695 |a Szennyvíztisztítás - előadáskivonat, Nanotechnológia - előadáskivonat 
700 0 1 |a Kedves Alfonz  |e aut 
700 0 1 |a Kónya Zoltán  |e aut 
700 0 1 |a Mikó Edit  |e aut 
711 |a 22th Wellmann International Scientific Conference  |c Hódmezővásárhely  |d 2025. május 15. 
856 4 0 |u http://acta.bibl.u-szeged.hu/89818/1/wellmann_abstracts_2025_101.pdf  |z Dokumentum-elérés